Maaf cakap
| Main Author: | |
|---|---|
| Format: | Book |
| Published: |
Selangor :
Alaf 21 ,
2013
|
| Subjects: |
MARC
| LEADER | 00000cam a2200000 7i4500 | ||
|---|---|---|---|
| 001 | 0000039115 | ||
| 005 | 20131206.0 | ||
| 008 | 130606 | ||
| 020 | |a 9831248812 | ||
| 090 | 0 | 0 | |a 158.1 |b NOR |
| 100 | 0 | |a Norden Mohamed | |
| 245 | 1 | 0 | |a Maaf cakap |c Norden Mohamed |
| 260 | |a Selangor : |b Alaf 21 , |c 2013 | ||
| 650 | 0 | |a Motivation (Psychology) |x Anecdotes | |
| 999 | |a 0001255619 |b Book |c Adult Collection |e Cawangan AEON Kulaijaya | ||
| 999 | |a 0001257283 |b Book |c Adult Collection |e Cawangan Urban Transformation Centre | ||